Les pseudonymes des animateurs tv - Statistiques

Statistiques générales
  • Ce quiz a été pris 119 fois
  • Le résultat moyen est 6 sur 19
Statistiques - réponses
Vraie identité Prénom et nom % Correct
Nagui Fam (1961) Nagui
86%
Ronan Gerval Lepers (1949) Julien Lepers
71%
Jacques Essebag (1966) Arthur
66%
Vincent Rouïl (1959) Vincent Lagaf
61%
Jean-Christophe Le Texier (1960) Tex
53%
Patrick Boutot (1953) Patrick Sébastien
52%
Pierre Dhostel (1929-2018) Pierre Bellemare
43%
Jacques Jakubowicz (1948) Jacky
27%
Patrick Boyard (1952-1993) Patrick Roy
22%
Yves Krettly (1959) Yves Calvi
21%
Bruno Lassalle (1964) Bruno Solo
20%
Philippe Leprêtre (1935-2018) Philippe Gildas
18%
Olivier Lesgourgues (1962) Mac Lesggy
17%
Marc Tellenne (1961) Karl Zéro
11%
Joseph Crampes (1928-2014) Jacques Chancel
10%
Jean-Claude Jouhaud (1945-2008) Pascal Sevran
9%
Pascal François (1963-2015) Pascal Brunner
8%
Jérôme Finkelsztejn (1968) Jérôme Anthony
7%
Jean-Marie Legrand (1900-1981) Jean Nohain
5%
Aucun quiz correspondant
Distribution des résultats
% des personnes avec chaque résultat
Percentile par nombre de réponses
Votre historique - résultats
Vous n’avez pas pris ce quiz